[Event "CN Seniori 2012"]
[Site "Sarata Monteoru/Romania"]
[Date "2012.02.20"]
[Round "10.13"]
[White "Georgescu, Tiberiu-Marian"]
[Black "Spulber, Cicirone"]
[Result "1-0"]
[WhiteElo "2415"]
[BlackElo "2244"]
[Annotator "Robot 4"]
[PlyCount "93"]
[EventDate "2012.??.??"]
[TimeControl "40/5400+30:900+30"]

1. c4 c5 2. g3 g6 3. Nc3 Bg7 4. Bg2 Nc6 5. Nf3 e5 6. O-O Nge7 7. a3 d6 8. b4
O-O 9. Rb1 Rb8 10. d3 b6 11. Bd2 h6 12. Ne1 Be6 13. Nc2 cxb4 14. Nxb4 Nxb4 15.
axb4 d5 16. cxd5 Nxd5 17. Qa4 Nxc3 18. Bxc3 Qc7 19. Rfc1 Rfc8 20. Qa1 b5 21.
Kh1 Qb6 22. Kg1 Re8 23. Qa3 Rbc8 24. Bd2 Re7 25. Rxc8+ Bxc8 26. Rc1 Rc7 27. Be3
Qa6 28. Qb2 Rxc1+ 29. Qxc1 Be6 30. h4 Qa4 31. Qc5 h5 32. Kh2 a5 33. bxa5 Qxa5
34. Bc6 Qe1 35. Bxb5 Qxe2 36. d4 Qf3 37. Bc6 e4 38. Qc2 Bf5 39. Qb1 Bf6 40. Bd5
Bxh4 41. Qb8+ Kg7 42. Qe5+ Kh7 43. gxh4 Qh3+ 44. Kg1 Qxh4 45. Bxf7 Qg4+ 46. Qg3
Qd1+ 47. Kh2 1-0

[Event "CN Seniori 2012"]
[Site "Sarata Monteoru/Romania"]
[Date "2012.02.20"]
[Round "10.14"]
[White "Posedaru, Bogdan"]
[Black "Petrisor, Adrian-Marian"]
[Result "1/2-1/2"]
[WhiteElo "2337"]
[BlackElo "2385"]
[Annotator "Robot 4"]
[PlyCount "76"]
[EventDate "2012.??.??"]
[TimeControl "40/5400+30:900+30"]

1. d4 Nf6 2. c4 e6 3. Nc3 Bb4 4. f3 c5 5. a3 Bxc3+ 6. bxc3 d5 7. cxd5 exd5 8.
e3 Qc7 9. Ne2 Bf5 10. Ng3 Bg6 11. Bb5+ Nc6 12. O-O O-O 13. Bd3 Bxd3 14. Qxd3
cxd4 15. cxd4 Na5 16. e4 Qc4 17. Qxc4 Nxc4 18. Rb1 b6 19. e5 Ne8 20. a4 Nc7 21.
f4 a6 22. Nf5 b5 23. axb5 axb5 24. Rf3 Ra2 25. Rg3 g6 26. Ne7+ Kh8 27. f5 Nd2
28. Bxd2 Rxd2 29. Rc3 Na6 30. Ra3 Nc7 31. Ra7 Rc2 32. f6 Rb8 33. Nxd5 Nxd5 34.
Rxb5 Rc1+ 35. Kf2 Rc2+ 36. Kg1 Rc1+ 37. Kf2 Rc2+ 38. Kg1 Rc1+ 1/2-1/2

[Event "CN Seniori 2012"]
[Site "Sarata Monteoru/Romania"]
[Date "2012.02.20"]
[Round "10.15"]
[White "Dobre, Claudiu-Cristian"]
[Black "Stegariu, Vlad-Ionut"]
[Result "1/2-1/2"]
[WhiteElo "2354"]
[BlackElo "2202"]
[Annotator "Robot 4"]
[PlyCount "86"]
[EventDate "2012.??.??"]
[TimeControl "40/5400+30:900+30"]

1. d4 Nf6 2. Nf3 d6 3. c4 g6 4. Nc3 Bg7 5. e4 O-O 6. Be2 e5 7. O-O Nbd7 8. Qc2
c6 9. Rd1 Qe7 10. d5 cxd5 11. cxd5 a5 12. Bg5 h6 13. Bh4 g5 14. Bg3 Nh5 15. Nd2
Nf4 16. Nc4 h5 17. f3 Nxe2+ 18. Qxe2 Ra6 19. Bf2 g4 20. fxg4 Nf6 21. Bh4 b5 22.
Nxb5 Qb7 23. Bxf6 Bxf6 24. Rf1 Bg5 25. a4 hxg4 26. Kh1 Qe7 27. Ne3 Bf4 28. Nf5
Bxf5 29. exf5 Qg5 30. g3 Be3 31. Nc3 Rb6 32. Ne4 Qh6 33. Ra3 Bd4 34. Qxg4+ Kh8
35. Ng5 f6 36. Nf3 Rxb2 37. Qh4 Qxh4 38. Nxh4 Rc8 39. Nf3 Rcc2 40. Rd1 Bc5 41.
Raa1 e4 42. Nd4 Rxh2+ 43. Kg1 Rhd2 1/2-1/2

[Event "CN Seniori 2012"]
[Site "Sarata Monteoru/Romania"]
[Date "2012.02.20"]
[Round "10.16"]
[White "Daianu, Cristian-Clement"]
[Black "Pessi, Emil-George"]
[Result "1-0"]
[WhiteElo "2242"]
[BlackElo "2272"]
[Annotator "Robot 4"]
[PlyCount "107"]
[EventDate "2012.??.??"]
[TimeControl "40/5400+30:900+30"]

1. e4 e5 2. Nf3 Nc6 3. Bc4 Be7 4. O-O d6 5. a4 Nf6 6. d3 O-O 7. Re1 Be6 8. Nbd2
Nd7 9. c3 Qe8 10. Nf1 Na5 11. Ba2 Bxa2 12. Rxa2 f5 13. b4 Nc6 14. exf5 Qf7 15.
Rae2 Qxf5 16. d4 Bf6 17. Ng3 Qg6 18. Qb3+ Qf7 19. Qxf7+ Rxf7 20. Ne4 exd4 21.
b5 Nce5 22. Nxd4 Nd3 23. Rd1 Nxc1 24. Rxc1 Bxd4 25. cxd4 Nb6 26. Nc3 a6 27.
bxa6 Rxa6 28. f3 Rd7 29. Rb2 c6 30. d5 c5 31. Ra1 Nc4 32. Re2 Kf7 33. Re6 h6
34. Kf2 Rb6 35. Ra2 Ra6 36. Re4 Nb6 37. h4 Nc8 38. g4 Ne7 39. Rb2 Ng6 40. Kg3
Ne5 41. f4 Nd3 42. Rd2 Nb4 43. f5 b5 44. Nxb5 Rxa4 45. g5 hxg5 46. hxg5 Ra1 47.
Re6 Rg1+ 48. Rg2 Rxg2+ 49. Kxg2 Nxd5 50. Nxd6+ Kg8 51. Re8+ Kh7 52. g6+ Kh6 53.
Nf7+ Kh5 54. Kg3 1-0

[Event "CN Seniori 2012"]
[Site "Sarata Monteoru/Romania"]
[Date "2012.02.20"]
[Round "10.17"]
[White "Bonte, Andrei-Mihai"]
[Black "Prodileanu, Adrian"]
[Result "1-0"]
[WhiteElo "2380"]
[BlackElo "2204"]
[Annotator "Robot 4"]
[PlyCount "65"]
[EventDate "2012.??.??"]
[TimeControl "40/5400+30:900+30"]

1. d4 Nf6 2. c4 e6 3. g3 c5 4. Nf3 cxd4 5. Nxd4 Qb6 6. Bg2 Bc5 7. e3 Nc6 8. O-O
Nxd4 9. exd4 Bxd4 10. Nc3 e5 11. Nb5 O-O 12. Nxd4 exd4 13. Bg5 d5 14. cxd5 Bg4
15. Qd2 h6 16. Bxf6 Qxf6 17. h3 Bf5 18. Rad1 d3 19. g4 Bh7 20. f4 h5 21. f5
hxg4 22. hxg4 Qd4+ 23. Qf2 Qxg4 24. Rxd3 Qg5 25. d6 Rad8 26. d7 b6 27. Qf4 Qxf4
28. Rxf4 g5 29. Rf2 f6 30. Bd5+ Kg7 31. Be6 Bg8 32. Rc2 Rb8 33. Rdc3 1-0

[Event "CN Seniori 2012"]
[Site "Sarata Monteoru/Romania"]
[Date "2012.02.20"]
[Round "10.18"]
[White "Parligras, Mircea-Emilian"]
[Black "Dumitrascu, Cornel"]
[Result "1-0"]
[WhiteElo "2650"]
[BlackElo "2086"]
[Annotator "Robot 4"]
[PlyCount "43"]
[EventDate "2012.??.??"]
[TimeControl "40/5400+30:900+30"]

1. d4 e6 2. c4 Nf6 3. Nc3 Bb4 4. Qc2 O-O 5. e4 d5 6. e5 Ne4 7. Bd3 c5 8. Nge2
f5 9. exf6 Qxf6 10. O-O cxd4 11. Nxe4 dxe4 12. Bxe4 Bd6 13. Bxh7+ Kh8 14. Be4
Nc6 15. Qd3 e5 16. Qg3 Be7 17. f4 Be6 18. b3 Rad8 19. Bb2 d3 20. Bxd3 exf4 21.
Nxf4 Qxb2 22. Nxe6 1-0

[Event "CN Seniori 2012"]
[Site "Sarata Monteoru/Romania"]
[Date "2012.02.20"]
[Round "10.19"]
[White "Voiteanu, Gabriel"]
[Black "Popescu, Daniel-Vasilica"]
[Result "0-1"]
[WhiteElo "2304"]
[BlackElo "2069"]
[PlyCount "130"]
[EventDate "2012.??.??"]

1. d4 d6 2. e4 g6 3. c4 Bg7 4. Nc3 e5 5. d5 a5 6. g3 Ne7 7. Bg2 Na6 8. f4 O-O
9. Nf3 Bg4 10. O-O Nc5 11. fxe5 Bxe5 12. Bh6 Bg7 13. Bxg7 Kxg7 14. Qd4+ f6 15.
e5 Bxf3 16. exf6+ Rxf6 17. Rxf3 Nf5 18. Qf2 Nh6 19. Nb5 Ng4 20. Qd4 Ne5 21. Rf4
Qe7 22. Raf1 Raf8 23. Kh1 Ncd3 24. Rxf6 Rxf6 25. Qc3 Qf7 26. Rxf6 Kxf6 27. Qxa5
b6 28. Qd2 Kg7 29. Nd4 Kg8 30. Bh3 Nf2+ 31. Kg2 Nxh3 32. Kxh3 Qf1+ 33. Kh4 Qxc4
34. Kh3 Qxd5 35. Qc3 Nf7 36. Nf3 Qe6+ 37. Kg2 Qe2+ 38. Kg1 Qe7 39. Qc6 Kg7 40.
a4 Qe3+ 41. Kf1 Qc5 42. Qxc5 dxc5 43. Ke2 Kf6 44. Kd3 Nd6 45. Kc3 g5 46. g4 h6
47. Kd3 Ke6 48. h4 gxh4 49. Nxh4 Kd5 50. b3 c4+ 51. Kc2 Kc5 52. Nf3 Kb4 53.
bxc4 Nxc4 54. Kd3 Nd6 55. Nd4 Kxa4 56. Nf5 Nf7 57. Kc4 Ne5+ 58. Kd5 Nxg4 59.
Kc6 b5 60. Kxc7 b4 61. Kc6 b3 62. Nd6 b2 63. Ne4 Kb3 64. Nd2+ Kc2 65. Nc4 Ne5+
0-1

[Event "CN Seniori 2012"]
[Site "Sarata Monteoru/Romania"]
[Date "2012.02.20"]
[Round "10.20"]
[White "Ciobanu, Aurelian"]
[Black "Pisu, Robert-Daniel"]
[Result "1-0"]
[WhiteElo "2276"]
[BlackElo "2037"]
[PlyCount "33"]
[EventDate "2012.??.??"]

1. e4 c5 2. Nf3 Nc6 3. b4 cxb4 4. d4 d5 5. exd5 Qxd5 6. c4 bxc3 7. Nxc3 Qa5 8.
d5 Qxc3+ 9. Bd2 Qa3 10. dxc6 e6 11. cxb7 Bxb7 12. Bb5+ Kd8 13. Bb4+ Bd5 14.
Bxa3 Bxa3 15. Bc6 Bb4+ 16. Kf1 Ke7 17. Bxd5 1-0

[Event "CN Seniori 2012"]
[Site "Sarata Monteoru/Romania"]
[Date "2012.02.20"]
[Round "10.21"]
[White "Baciu, Stefan"]
[Black "Adoamnei, Roxana"]
[Result "1-0"]
[WhiteElo "2222"]
[BlackElo "2005"]
[PlyCount "77"]
[EventDate "2012.??.??"]

1. d4 Nf6 2. Nf3 g6 3. g3 Bg7 4. Bg2 d5 5. O-O Ne4 6. c4 c6 7. Qc2 Bf5 8. Qb3
Qb6 9. cxd5 Qxb3 10. axb3 cxd5 11. Nc3 Nxc3 12. bxc3 Nc6 13. Nd2 Rd8 14. e4
dxe4 15. Nxe4 Bc8 16. Re1 O-O 17. Bb2 Rd7 18. b4 a6 19. Nc5 Rc7 20. Bc1 Nxd4
21. cxd4 Bxd4 22. Bf4 Bxa1 23. Rxa1 Rc6 24. Bxc6 bxc6 25. Nxa6 Rd8 26. Nb8 Kg7
27. Nxc6 Rd7 28. Be3 f6 29. Bc5 e5 30. Na5 Kf7 31. Nc4 Ke6 32. Nb6 Rc7 33. Nxc8
Rxc8 34. Ra7 h5 35. h4 Kf5 36. Kg2 g5 37. hxg5 fxg5 38. Be3 Rb8 39. Rg7 1-0

[Event "CN Seniori 2012"]
[Site "Sarata Monteoru/Romania"]
[Date "2012.02.20"]
[Round "10.23"]
[White "Senetia, Teodor"]
[Black "Stoicescu, Horia"]
[Result "1-0"]
[WhiteElo "2198"]
[BlackElo "1909"]
[PlyCount "73"]
[EventDate "2012.??.??"]

1. e4 c5 2. Nf3 d6 3. d4 Nd7 4. Nc3 e6 5. Be2 a6 6. a4 Qc7 7. a5 Ngf6 8. O-O
Be7 9. h3 O-O 10. Re1 e5 11. d5 b5 12. axb6 Nxb6 13. Be3 g6 14. Nd2 Bb7 15. Nb3
Nxe4 16. Nxe4 Bxd5 17. Ned2 f5 18. c4 Be6 19. Bh6 Rf7 20. Na5 Bf6 21. Qc1 Rb8
22. Nf3 Bc8 23. Bd2 Nd7 24. Nh2 Nf8 25. Nf1 Qb6 26. Rb1 f4 27. b4 Bf5 28. Rb3
Ne6 29. bxc5 Qxb3 30. Nxb3 Rxb3 31. cxd6 Nc5 32. Qa1 g5 33. Qa5 Nb7 34. Qxa6
Kg7 35. c5 Nxc5 36. Qc4 e4 37. Qxc5 1-0

[Event "CN Seniori 2012"]
[Site "Sarata Monteoru/Romania"]
[Date "2012.02.20"]
[Round "10.25"]
[White "Malureanu, Costin-George"]
[Black "Ursan, Cornel-Marius"]
[Result "1-0"]
[WhiteElo "2139"]
[BlackElo "1990"]
[PlyCount "77"]
[EventDate "2012.??.??"]

1. e4 e5 2. Nf3 Nc6 3. Bb5 a6 4. Ba4 Nf6 5. d3 b5 6. Bb3 Be7 7. Nc3 d6 8. a4
Rb8 9. axb5 axb5 10. Nd5 Nxd5 11. exd5 Nd4 12. Nxd4 exd4 13. O-O O-O 14. Qf3
Bf6 15. Bd2 Be5 16. Ra7 Rb7 17. Ra8 Qh4 18. g3 Qh3 19. Rfa1 Bg4 20. Qg2 Qh5 21.
Rxf8+ Kxf8 22. Ra8+ Ke7 23. f4 Bh3 24. Qf2 Qd1+ 25. Be1 Bf6 26. c4 Qxd3 27. Bc2
Qxc4 28. Ba5 Bg4 29. h3 Be2 30. Bf5 b4 31. Kh2 Bf1 32. Bc8 Rb6 33. Bxb6 cxb6
34. Bg4 Qc1 35. Rc8 Bc4 36. b3 Qf1 37. Qa2 Bh4 38. Rxc4 h5 39. Qe2+ 1-0

[Event "CN Seniori 2012"]
[Site "Sarata Monteoru"]
[Date "2012.02.20"]
[Round "10.26"]
[White "Neagu, Liviu"]
[Black "Dobre, Mihai"]
[Result "0-1"]
[WhiteElo "2122"]
[BlackElo "1975"]
[PlyCount "148"]
[EventDate "2012.02.13"]

1. e4 c5 2. c4 d6 3. Nc3 Nc6 4. g3 g6 5. Bg2 Bg7 6. Nge2 e6 7. O-O Nge7 8. d3
O-O 9. Be3 Nd4 10. h3 Nec6 11. f4 f5 12. Qd2 Nxe2+ 13. Nxe2 Bd7 14. Rae1 Qb6
15. Kh2 Rfe8 16. Rf2 Rab8 17. Nc3 Qa5 18. g4 Nd4 19. gxf5 exf5 20. Rff1 Bc6 21.
Qf2 Kh8 22. Rc1 a6 23. Rfe1 Re7 24. Bd2 Qc7 25. Nd5 Bxd5 26. cxd5 Qb6 27. Bc3
Rbe8 28. Kh1 Qb5 29. Rcd1 Qa4 30. b3 Qd7 31. b4 b6 32. Qg3 cxb4 33. Bb2 Nb5 34.
Bxg7+ Kxg7 35. e5 dxe5 36. fxe5 Nc3 37. e6 Qd8 38. Qe5+ Kg8 39. Rd2 Rd7 40. Qg3
Rxd5 41. Bxd5 Qxd5+ 42. Qg2 Qd6 43. Qb7 Rxe6 44. Qc8+ Kf7 45. Rxe6 Qxe6 46.
Qc7+ Kf6 47. Qd8+ Kg7 48. Qd4+ Kg8 49. Kh2 Nxa2 50. Qd8+ Kf7 51. Qc7+ Kg8 52.
d4 Nc3 53. d5 Qe3 54. Qd8+ Kg7 55. Rg2 Qf4+ 56. Kh1 Qf1+ 57. Kh2 Qf4+ 58. Kh1
Ne4 59. Qe7+ Kh6 60. Qf8+ Kh5 61. Qf7 Nf2+ 62. Rxf2 Qxf2 63. Qxh7+ Kg5 64. Qe7+
Kf4 65. Qxb4+ Ke5 66. d6 Qf3+ 67. Kh2 Qe2+ 68. Kg3 Qd3+ 69. Kh4 Qxd6 70. Qc3+
Ke6 71. Qe3+ Kf7 72. Qb3+ Kg7 73. Kg5 Qd2+ 74. Kh4 Qf4# 0-1

[Event "CN Seniori 2012"]
[Site "Sarata Monteoru/Romania"]
[Date "2012.02.20"]
[Round "10.27"]
[White "Telea, Stefan"]
[Black "Tiron, Lucian-Ilie"]
[Result "1/2-1/2"]
[WhiteElo "2112"]
[BlackElo "1846"]
[PlyCount "138"]
[EventDate "2012.??.??"]

1. d4 Nf6 2. c4 e6 3. Nf3 Bb4+ 4. Bd2 Qe7 5. Nc3 b6 6. e3 Bb7 7. Bd3 Bxc3 8.
Bxc3 Ne4 9. Qc2 Nxc3 10. Qxc3 d6 11. e4 Nd7 12. O-O e5 13. d5 a5 14. a3 a4 15.
Bc2 O-O 16. Nd2 Nc5 17. Rae1 Bc8 18. Re3 f5 19. f4 exf4 20. Rxf4 fxe4 21. Rxf8+
Qxf8 22. Nxe4 Nxe4 23. Bxe4 Bg4 24. Qc2 h6 25. Bh7+ Kh8 26. Bg6 Qf4 27. Qe4
Qxe4 28. Rxe4 Bd7 29. Re7 Rd8 30. Bf7 c6 31. dxc6 Bxc6 32. Rc7 Be4 33. Bd5 Bxd5
34. cxd5 Re8 35. Rc6 b5 36. Rb6 Re5 37. Rxb5 Kh7 38. Rb4 Rxd5 39. Rxa4 Rd1+ 40.
Kf2 Rd2+ 41. Kf3 Rxb2 42. Rb4 Ra2 43. a4 d5 44. h4 Kg6 45. g4 Kf6 46. Kf4 g5+
47. hxg5+ hxg5+ 48. Ke3 Ke5 49. Kd3 Ra3+ 50. Kc2 d4 51. Kb2 Rh3 52. a5 Rh8 53.
a6 Ra8 54. Ra4 Ke4 55. a7 Ke3 56. Ra5 Kf4 57. Rd5 Rxa7 58. Rxd4+ Kf3 59. Kc2
Rf7 60. Kd2 Rf4 61. Rd3+ Kxg4 62. Ke3 Kh4 63. Rd1 g4 64. Ke2 g3 65. Rd8 Rf2+
66. Ke1 Rh2 67. Kf1 Rf2+ 68. Kg1 Kg5 69. Rg8+ Kf4 1/2-1/2

[Event "CN Seniori 2012"]
[Site "Sarata Monteoru/Romania"]
[Date "2012.02.20"]
[Round "10.28"]
[White "Danilov, Vladimir"]
[Black "Lupascu, Matei-Alexandru"]
[Result "1-0"]
[WhiteElo "2440"]
[BlackElo "1979"]
[PlyCount "141"]
[EventDate "2012.??.??"]

1. d4 Nf6 2. Nf3 g6 3. Nbd2 Bg7 4. e4 d6 5. Bd3 Nbd7 6. O-O e5 7. c3 a6 8. a4
b6 9. dxe5 dxe5 10. Nc4 Qe7 11. b4 O-O 12. Qc2 Re8 13. Re1 Bf8 14. Bb2 Bb7 15.
Ne3 c6 16. Nd2 Nh5 17. Ndc4 Qd8 18. f3 Nf4 19. Bf1 Qc7 20. Rad1 Rad8 21. g3 Ne6
22. Bh3 Ng5 23. Bg2 Nf6 24. Rxd8 Qxd8 25. h4 Ne6 26. Nxe5 Qc7 27. f4 Nh5 28.
Qf2 a5 29. bxa5 bxa5 30. N5c4 Ba6 31. Ba3 Bxa3 32. Nxa3 Nc5 33. Qf3 Nxa4 34.
Nec4 Nb6 35. Nxa5 Qd6 36. Nc2 Qc5+ 37. Qf2 Qxa5 38. Ra1 Qb5 39. Nd4 Qd3 40. Bf1
Qxg3+ 41. Qxg3 Nxg3 42. Rxa6 Nxf1 43. Kxf1 c5 44. Ne2 Nc4 45. e5 Rb8 46. Kf2
Rd8 47. Rc6 Rd5 48. Rc8+ Kg7 49. Rc7 Kf8 50. h5 gxh5 51. Ng3 h4 52. Nf5 Ke8 53.
Nxh4 Rd2+ 54. Ke1 Rd5 55. Nf3 h6 56. Ke2 Nb2 57. Rc6 h5 58. Nd2 Na4 59. Ne4 Ke7
60. Ra6 Nb2 61. Rh6 c4 62. Rxh5 Nd3 63. Rf5 Ke6 64. Rf6+ Ke7 65. Rf5 Ke6 66.
Rf6+ Ke7 67. Kf3 Nc5 68. Nxc5 Rxc5 69. Ke4 Ra5 70. Kd4 Ra4 71. Rc6 1-0

[Event "CN Seniori 2012"]
[Site "Sarata Monteoru/Romania"]
[Date "2012.02.20"]
[Round "10.29"]
[White "Fulger, Ionut"]
[Black "Paval, George"]
[Result "0-1"]
[WhiteElo "1946"]
[BlackElo "2229"]
[PlyCount "84"]
[EventDate "2012.??.??"]

1. Nf3 Nf6 2. d4 d5 3. e3 g6 4. b3 Bg7 5. Bb2 O-O 6. Be2 c6 7. O-O a5 8. a4 Na6
9. Nbd2 Bf5 10. Nh4 Bd7 11. c4 e6 12. Ba3 Re8 13. Nhf3 Nb4 14. Bxb4 axb4 15.
Qc2 c5 16. Rac1 Rc8 17. Qb1 cxd4 18. Nxd4 e5 19. Nb5 Bxb5 20. axb5 Qe7 21. cxd5
Nxd5 22. Ne4 Nc3 23. Nxc3 bxc3 24. e4 Bh6 25. Rc2 Bd2 26. Bc4 Kg7 27. Ra2 Red8
28. Qc2 Qc5 29. Bd5 Qxb5 30. Rfa1 Rd6 31. Ra5 Qb6 32. R5a4 Rf6 33. Rf1 Rc7 34.
g3 h5 35. Kg2 h4 36. Bc4 h3+ 37. Kxh3 Rxf2 38. Rxf2 Qxf2 39. Qd3 Rc8 40. Ra2
Rh8+ 41. Kg4 Qxh2 42. Kf3 Qh1+ 0-1

[Event "CN Seniori 2012"]
[Site "Sarata Monteoru/Romania"]
[Date "2012.02.20"]
[Round "10.30"]
[White "Costachi, Mihnea"]
[Black "Varlan, Hervig-Ioan"]
[Result "1/2-1/2"]
[WhiteElo "1937"]
[BlackElo "2184"]
[PlyCount "84"]
[EventDate "2012.??.??"]

1. d4 Nf6 2. c4 e6 3. Nc3 Bb4 4. e3 b6 5. Nge2 Bb7 6. a3 Be7 7. d5 O-O 8. Ng3
d6 9. Be2 Re8 10. O-O a5 11. e4 Bf8 12. Be3 Na6 13. Rb1 exd5 14. exd5 Nc5 15.
b4 axb4 16. axb4 Ncd7 17. Nh5 Nxh5 18. Bxh5 Ne5 19. Be2 Bc8 20. Qd2 Qh4 21. Bd4
g6 22. Nb5 Qd8 23. f4 Nd7 24. Rb3 Ba6 25. f5 Bxb5 26. fxg6 fxg6 27. cxb5 Ne5
28. Bxe5 Rxe5 29. Bg4 Kh8 30. Rbf3 Bg7 31. Be6 Qe8 32. Rf7 Qxb5 33. Rxc7 Qe2
34. Qc1 Rxe6 35. dxe6 Qxe6 36. Qc6 Rf8 37. Rxf8+ Bxf8 38. Qf3 Kg8 39. h3 d5 40.
Qc3 h5 41. Rc6 Bd6 42. Rc8+ Kf7 1/2-1/2

[Event "CN Seniori 2012"]
[Site "Sarata Monteoru/Romania"]
[Date "2012.02.20"]
[Round "10.31"]
[White "Tomici, Stefan"]
[Black "Neagu, Mihai-Cosmin"]
[Result "1-0"]
[WhiteElo "2147"]
[BlackElo "1918"]
[PlyCount "55"]
[EventDate "2012.??.??"]

1. e4 c5 2. Nf3 e6 3. d4 cxd4 4. Nxd4 a6 5. Bd3 Qc7 6. Nc3 Nf6 7. O-O b5 8. Kh1
Bb7 9. Qe2 d6 10. f4 Nbd7 11. Bd2 Rc8 12. Rae1 h5 13. e5 Ng4 14. exd6 Qxd6 15.
Nf5 Qb6 16. Be4 Ndf6 17. Bxb7 Qxb7 18. a3 g6 19. Nh4 Qc7 20. Nxg6 Rg8 21. Nxf8
Kxf8 22. h3 Nh6 23. f5 Nxf5 24. Rxf5 exf5 25. Bh6+ Rg7 26. Qd2 Qg3 27. Re3 Qg6
28. Qd6+ 1-0

[Event "CN Seniori 2012"]
[Site "Sarata Monteoru/Romania"]
[Date "2012.02.20"]
[Round "10.32"]
[White "Manole, Stefan"]
[Black "Scripcaru, George-Daniel"]
[Result "1-0"]
[WhiteElo "2082"]
[BlackElo "1907"]
[PlyCount "107"]
[EventDate "2012.??.??"]

1. e4 Nf6 2. e5 Nd5 3. c4 Nb6 4. d4 d6 5. exd6 cxd6 6. Nc3 g6 7. Nf3 Bg4 8. h3
Bxf3 9. Qxf3 Nc6 10. Be3 Bg7 11. Qd1 O-O 12. Be2 e6 13. O-O Ne7 14. Rc1 d5 15.
c5 Nbc8 16. b4 Nf5 17. Qd2 Nce7 18. g4 Nxe3 19. fxe3 Qc7 20. Bf3 f5 21. Nb5
Qg3+ 22. Qg2 Qh4 23. Nc7 Bh6 24. Rfe1 Rab8 25. g5 Qxg5 26. Qxg5 Bxg5 27. Nxe6
Bh4 28. Nxf8 Bxe1 29. Nxg6 Bd2 30. Nxe7+ Kf7 31. Nxf5 Bxc1 32. Bxd5+ Kf6 33. e4
Ba3 34. b5 Bb2 35. Kf2 Rd8 36. c6 bxc6 37. bxc6 Ba3 38. Ke3 Bb4 39. Bc4 Ba5 40.
Kf4 Bd2+ 41. Kg4 Bb4 42. e5+ Kg6 43. d5 h5+ 44. Kf4 Rf8 45. Bd3 Bd2+ 46. Kg3
Be1+ 47. Kg2 Kf7 48. e6+ Kf6 49. e7 Rg8+ 50. Kf3 Bb4 51. d6 Bxd6 52. e8=Q Rxe8
53. Nxd6 Re7 54. c7 1-0

[Event "CN Seniori 2012"]
[Site "Sarata Monteoru/Romania"]
[Date "2012.02.20"]
[Round "10.34"]
[White "Deac, Bogdan-Daniel"]
[Black "Gheorghiu, Calin"]
[Result "1-0"]
[WhiteElo "1795"]
[BlackElo "2003"]
[PlyCount "127"]
[EventDate "2012.??.??"]

1. d4 Nf6 2. c4 e6 3. Nf3 Bb4+ 4. Nbd2 b6 5. g3 Bb7 6. Bg2 O-O 7. O-O a5 8. a3
Be7 9. Qc2 d6 10. b3 Nbd7 11. Bb2 c5 12. e4 cxd4 13. Nxd4 Qb8 14. Rfe1 Rc8 15.
Rad1 Bf8 16. Qb1 a4 17. b4 Ne5 18. Bf1 Nfd7 19. f4 Nc6 20. N2f3 Nxd4 21. Nxd4
Ba6 22. Nb5 Bxb5 23. cxb5 Ra7 24. Rc1 Rac7 25. Rxc7 Rxc7 26. Rc1 Nf6 27. Bd3
Qc8 28. Rxc7 Qxc7 29. Qc2 Qxc2 30. Bxc2 Be7 31. Kf2 Ng4+ 32. Kg1 Bf6 33. Bxf6
Nxf6 34. h3 d5 35. exd5 Nxd5 36. Bxa4 Nc3 37. Bc2 Nxb5 38. a4 Nd4 39. a5 bxa5
40. bxa5 Nc6 41. a6 h6 42. Be4 Na7 43. Kf2 Kf8 44. Ke3 Ke7 45. Kd4 Kd6 46. g4
f6 47. h4 Nc8 48. h5 Na7 49. Kc4 e5 50. fxe5+ fxe5 51. Bb7 Kd7 52. Kd5 e4 53.
Kxe4 Ke6 54. Kd4 Kd6 55. Bg2 Nb5+ 56. Kc4 Na7 57. Bb7 Kd7 58. Kd5 Kc7 59. Kc5
Nc8 60. Bxc8 Kxc8 61. Kb6 Kb8 62. a7+ Ka8 63. Ka6 g6 64. hxg6 1-0

[Event "CN Seniori 2012"]
[Site "Sarata Monteoru/Romania"]
[Date "2012.02.20"]
[Round "10.36"]
[White "Arghirescu, Marius"]
[Black "Gulie, Cosmin"]
[Result "0-1"]
[WhiteElo "1921"]
[BlackElo "2133"]
[PlyCount "126"]
[EventDate "2012.??.??"]

1. e4 c5 2. Nf3 d6 3. c4 Nc6 4. Be2 Nf6 5. Nc3 g6 6. O-O Bg7 7. d4 cxd4 8. Nxd4
O-O 9. Be3 Bd7 10. Rc1 Nxd4 11. Bxd4 Bc6 12. f3 b6 13. Qd2 Rc8 14. Rfd1 Qd7 15.
Be3 Rfd8 16. Bg5 Rc7 17. Qe3 Qc8 18. b3 Ne8 19. f4 Qe6 20. Nd5 Bxd5 21. cxd5
Qd7 22. Rxc7 Qxc7 23. Bb5 Qc2 24. Qd3 Qc5+ 25. Kf1 Nf6 26. Bc6 Ng4 27. Rd2 f6
28. Bh4 Nxh2+ 29. Ke2 Ng4 30. Qh3 h5 31. Qf3 Bh6 32. Bg3 Rf8 33. Bd7 f5 34.
exf5 gxf5 35. Be6+ Kg7 36. Bh4 Re8 37. Bg3 Qb5+ 38. Qd3 Qxd3+ 39. Kxd3 Kg6 40.
Rc2 h4 41. Bxh4 Bxf4 42. Rc7 Bg5 43. Be1 Ra8 44. g3 Ne5+ 45. Ke2 Rh8 46. Rc3
Rh2+ 47. Bf2 Bf6 48. Kf1 Rh1+ 49. Kg2 Ra1 50. a4 Ra2 51. Kf1 Rxf2+ 52. Kxf2
Ng4+ 53. Kf3 Bxc3 54. Bd7 Kf6 55. Bc8 Ke5 56. Be6 Nf6 57. Bc8 Nxd5 58. g4 fxg4+
59. Bxg4 Kd4 60. Ke2 e5 61. Bc8 e4 62. Kd1 Nf4 63. Bg4 e3 0-1

[Event "CN Seniori 2012"]
[Site "Sarata Monteoru/Romania"]
[Date "2012.02.20"]
[Round "10.37"]
[White "Toma, Radu-Cristian"]
[Black "Motounu, Vlad-Stefan"]
[Result "1-0"]
[WhiteElo "2052"]
[BlackElo "1888"]
[PlyCount "107"]
[EventDate "2012.??.??"]

1. Nf3 Nf6 2. g3 d5 3. Bg2 Nc6 4. d4 Bf5 5. O-O e6 6. c4 Be7 7. Nc3 O-O 8. b3
Ne4 9. Bb2 Bf6 10. e3 Bg4 11. h3 Bh5 12. cxd5 exd5 13. g4 Bg6 14. Nd2 Re8 15.
Ndxe4 dxe4 16. Qb1 Nxd4 17. exd4 Bxd4 18. Na4 e3 19. Qd1 e2 20. Qxd4 Qxd4 21.
Bxd4 exf1=Q+ 22. Rxf1 Be4 23. Bxe4 Rxe4 24. Be3 b6 25. Rd1 Kf8 26. Kg2 Ke7 27.
Nc3 Re5 28. Bf4 Ra5 29. Nd5+ Kf8 30. Nxc7 Rc8 31. a4 Kg8 32. Nb5 a6 33. Bd2
axb5 34. Bxa5 bxa5 35. axb5 Kf8 36. Ra1 Ra8 37. Ra4 Rc8 38. Rxa5 Rc3 39. b4 Rc4
40. Ra4 Ke7 41. Kg3 g6 42. h4 h5 43. gxh5 gxh5 44. b6 Kd6 45. f3 f6 46. b7 Kc7
47. Ra5 Rxb4 48. Rxh5 Kxb7 49. Rc5 Rd4 50. h5 Rd7 51. h6 Rh7 52. Rh5 Kc6 53.
Kf4 Kd6 54. Kf5 1-0

[Event "CN Seniori 2012"]
[Site "Sarata Monteoru/Romania"]
[Date "2012.02.20"]
[Round "10.39"]
[White "Anuta, Elefterie-Laurentiu"]
[Black "Mirauta, Stefano-Marius"]
[Result "1-0"]
[WhiteElo "2017"]
[BlackElo "1823"]
[PlyCount "89"]
[EventDate "2012.??.??"]

1. d4 d5 2. Nf3 e6 3. Bg5 f6 4. Bf4 c5 5. e3 cxd4 6. exd4 Nc6 7. c3 Bd6 8. Bxd6
Qxd6 9. Bb5 Nge7 10. Nbd2 a6 11. Ba4 O-O 12. O-O Rd8 13. Re1 e5 14. dxe5 fxe5
15. Bb3 Kh8 16. Qe2 e4 17. Nxe4 dxe4 18. Ng5 Ne5 19. Qxe4 N7g6 20. Rad1 Qb6 21.
Rxd8+ Qxd8 22. Nf7+ Nxf7 23. Qe6 Nf8 24. Qxf7 Be6 25. Bxe6 Nxe6 26. Qxe6 h6 27.
h3 Qd2 28. Re2 Qc1+ 29. Kh2 Rd8 30. c4 Qf4+ 31. g3 Qd4 32. b3 Rf8 33. Kg2 Qc5
34. Qd5 Qc7 35. b4 Rc8 36. c5 Rd8 37. Qf3 Qd7 38. a3 Rc8 39. Qe4 Qb5 40. Re3
Rd8 41. h4 Qd7 42. Qe6 Qc7 43. Rf3 Rd7 44. Rf8+ Kh7 45. h5 1-0

[Event "CN Seniori 2012"]
[Site "Sarata Monteoru/Romania"]
[Date "2012.02.20"]
[Round "10.40"]
[White "Tiron, Calin-Andrei"]
[Black "Jugaru, Lucian"]
[Result "1-0"]
[WhiteElo "1856"]
[BlackElo "2013"]
[PlyCount "143"]
[EventDate "2012.??.??"]

1. e4 c5 2. Nc3 d6 3. f4 a6 4. Nf3 Nd7 5. d3 Qc7 6. a4 e6 7. g4 b6 8. Bg2 Bb7
9. f5 exf5 10. gxf5 O-O-O 11. Bf4 f6 12. Ne2 g5 13. Bg3 h5 14. h4 g4 15. Nd2
Nh6 16. Nf4 Re8 17. O-O Ne5 18. Nxh5 Qf7 19. Nf4 Rg8 20. c3 Nf3+ 21. Nxf3 gxf3
22. Qxf3 Nxf5 23. Bh3 Re5 24. Ng2 Kb8 25. Bxe5 Nxh4 26. Qxf6 Qh5 27. Qd8+ Ka7
28. Rxf8 Nf3+ 29. Kf2 Rxf8 30. Qxf8 Nxe5 31. Qf5 Qh6 32. Ke2 c4 33. d4 Nd3 34.
d5 Nxb2 35. Nf4 Qg7 36. Ra3 Qg1 37. Bf1 Qh2+ 38. Ng2 Nd3 39. Kd2 Ne5 40. Qf4
Qg1 41. Ra1 Nd3 42. Qe3 Qh1 43. a5 Nc5 44. axb6+ Kxb6 45. Rb1+ Kc7 46. Qf3 Qh6+
47. Kc2 Qh7 48. Bxc4 a5 49. Bd3 Qe7 50. Bb5 Qh7 51. Ne3 Qh2+ 52. Be2 Ba6 53. c4
Qh7 54. Nf5 Qd7 55. Qa3 Qe8 56. Qxa5+ Kd7 57. Bd3 Qe5 58. Qb6 Qh2+ 59. Kd1 Qg1+
60. Kd2 Qf2+ 61. Be2 Nxe4+ 62. Kc1 Qe1+ 63. Kb2 Qc3+ 64. Ka2 Bxc4+ 65. Bxc4
Qxc4+ 66. Rb3 Qc2+ 67. Ka3 Qc1+ 68. Rb2 Qa1+ 69. Kb3 Qd1+ 70. Kc4 Qf1+ 71. Kd4
Qxf5 72. Qa7+ 1-0